| 000 | 00776nam a22001817a 4500 | ||
|---|---|---|---|
| 999 |
_c61198 _d61198 |
||
| 005 | 20231229161906.0 | ||
| 008 | 231229s1996 ru ||||| |||| 00| 0 rus d | ||
| 020 | _a5035861699 | ||
| 041 | _arus | ||
| 080 | _a737.1+737.2+727.3 M-77 | ||
| 245 |
_aМонеты, медали, жетоны : _bСборник статей / _cПод. ред. А.С. Мельниковой и В.М. Потина. |
||
| 264 |
_aМосква : _bАрхеологичкий центр, _c1996. |
||
| 300 |
_a309 с.: _b22 см. |
||
| 653 | _aმონეტები, მედლები, ნიშნები | ||
| 700 |
_aМельниковa, А.С. _eრედაქტორი _920938 |
||
| 700 |
_aПотина, В.М. _eრედაქტორი _920939 |
||
| 942 |
_2udc _cᲬᲘᲒᲜᲘ |
||